000 01146nam0a22003011 4500
001 rc\3693991
005 20250610100544.0
021 _aRU
_b[72-5181]
035 _a(NLR Aleph) 007851028
090 _a7780099
_c7780099
100 _a20130115d1972 |||y0rusy50 ca
101 0 _arus
102 _aRU
105 _aa z |||a|
200 1 _aДавид из Сагурамо
_eПовесть [о Д. Гурамишвили
_eДля сред. и ст. возраста
_fИл.: Б. Диодоров]
210 _aМосква
_cДет. лит.
_d1972
215 _a127 с.
_cил.
_d21
606 _aПоэты Грузинские (д. л.)
_2psbo
606 _aРусско-грузинские отношения
_z18 в. (д. л.)
_2psbo
607 _aГрузия
_z18 в. (д. л.)
_2psbo
700 1 _aКвливидзе
_bМ.Г.
_f1925-
_gМихаил Георгиевич
702 1 _aДиодоров
_bБ.
_4440
702 1 _4570
_7ca
_8rus
_aГурамишвили
_bД.
_f1705-1792
_gДавид
_9234635
_3RU\NLR\AUTH\770234691
801 0 _aRU
_bNLR
_gpsbo
801 1 _aRU
_bELAR
_2rusmarc
852 _aNLR
_j72-3/1656
942 _cBOOK
980 _aNB